000 00553nam a2200229Ia 4500
003 OSt
005 20220918201814.0
006 a|||||r|||| 00| 0
007 ta
008 220917b |||||||| |||| 00| 0 eng d
024 _a96,587
037 _cTextual
040 _aARTS
_cARTS
_beng
041 _2eng
_aeng
082 _aV2:21wL38, C0
100 _aSeton Karr
_9100772
245 0 _aMarquis Cornwallis
260 _c1800
650 _aHISTORY
942 _hV2:21wL38, C0
_cTEXL
_2CC
999 _c220196
_d220196